=LDR 00000nam 2200000 4500 =001 INLIS000000000028872 =005 20130612131140 =008 ***********************************Ind** =035 ##$$0010-061300000028872 =041 ##$$a Ind =082 ##$$a 372.62 =090 ##$$a 372.62, Sta s =245 ##$$a Start with english 6a, 6b =260 ##$$a 2004 $b Jakarta =300 ##$$a 52 hlm, ilus, 30 cm =650 ##$$a Pendidikan dasar-bahasa enggris =850 ##$$a NBPNMAT